000 00315nam a2200109Ia 4500
008 171204s9999 xx 000 0 und d
245 _aProfessional Heroku Programming:
245 _cBrad Gyger and Chris Kemp
260 _c2013
650 _xProgramming 1-11
856 _uhttp://down.ebook777.com/057/1118508998.pdf
999 _c345908
_d345908